000 00678nam a2200229Ia 4500
003 OSt
005 20220928120931.0
006 a|||||r|||| 00| 0
007 ta
008 220927b |||||||| |||| 00| 0 eng d
024 _a37686
037 _cReference Collections
040 _aSDCL
_cSDCL
_beng
041 _2eng
_aeng
082 _aD6,8(B)k, M4 RR
100 _aBritish Computer Society
_9451399
245 0 _aGlossary of computing terms.
260 _aCambridge
_bCambridge University Press
_c1984
300 _axii,58p.
_ccm.
942 _hD6,8(B)k, M4 RR
_cREF
_2CC
999 _c765465
_d765465